| 000 | 00715nam a2200181 a 4500 | ||
|---|---|---|---|
| 008 | 120416s2004 ||||||||||||||||| || u | ||
| 020 | _a0821355767 | ||
| 050 | _aIBRD(02) | ||
| 110 | _aWorld Bank | ||
| 245 | 1 | 0 |
_aInvoluntary resettlement sourcebook:planning and implementation in development projects _cThe World Bank |
| 260 |
_aWashington, D. C. _bWorld Bank _c2004 |
||
| 300 | _axxxiii, 434p. : ill. | ||
| 350 | _a0.00 | ||
| 650 | _aLAND SETTLEMENT--DEVELOPING COUNTRIES | ||
| 650 | 0 | _aECONOMICS | |
| 650 | _aECONOMIC DEVELOPMENT PROJECTS--DEVELOPING COUNTRIES | ||
| 995 |
_D0.00 _FCBU-MAIN LIBRARY (Kitwe) _H1 _I0.00 _M1 _UAVAILABLE _ZInternational Publications |
||
| 999 |
_c48344 _d48344 |
||